Practical Risk Theory for Actuaries (Record no. 17965)

MARC details
000 -LEADER
fixed length control field 00525nam a22001937a 4500
008 - FIXED-LENGTH DATA ELEMENTS--GENERAL INFORMATION
fixed length control field 191008b xxu||||| |||| 00| 0 eng d
020 ## - INTERNATIONAL STANDARD BOOK NUMBER
International Standard Book Number 0412428504
050 ## - LIBRARY OF CONGRESS CALL NUMBER
Classification number HG8781
Item number .D28 1994 c.1
100 ## - MAIN ENTRY--PERSONAL NAME
Personal name Daykin, C.D.
245 ## - TITLE STATEMENT
Title Practical Risk Theory for Actuaries
Statement of responsibility, etc. C.D. Daykin
260 ## - PUBLICATION, DISTRIBUTION, ETC. (IMPRINT)
Place of publication, distribution, etc. New York
Name of publisher, distributor, etc. Chapman
Date of publication, distribution, etc. 1994
300 ## - PHYSICAL DESCRIPTION
Extent xxi, 546p.
650 ## - SUBJECT ADDED ENTRY--TOPICAL TERM
Topical term or geographic name as entry element Insurance
Form subdivision Mathematics
650 ## - SUBJECT ADDED ENTRY--TOPICAL TERM
Topical term or geographic name as entry element Risk
Form subdivision Insurance
650 ## - SUBJECT ADDED ENTRY--TOPICAL TERM
Topical term or geographic name as entry element Stochastic Processes
700 ## - ADDED ENTRY--PERSONAL NAME
Personal name T. Pentikainen
700 ## - ADDED ENTRY--PERSONAL NAME
Personal name M. Pesonen
942 ## - ADDED ENTRY ELEMENTS (KOHA)
Source of classification or shelving scheme Library of Congress Classification
Koha item type General Collection
Holdings
Withdrawn status Lost status Source of classification or shelving scheme Not for loan Home library Current library Date acquired Cost, normal purchase price Total Checkouts Full call number Barcode Date last seen Price effective from Koha item type
    Library of Congress Classification   Kabarak, Main Campus Kabarak, Main Campus 08/10/2019 14990.00   HG8781 .D28 1994 c.1 023867 08/10/2019 08/10/2019 General Collection
Designed with assistance from East African Informatics Ltd